Orlando Sanford International Airport Destinations (Sanford, FL, USA) - Statistics

General Stats
  • This quiz has been taken 65 times
    28 since last reset
  • The average score is 42 of 69
Answer Stats
Airline Destination % Correct
Allegiant Air Chicago/Rockford
94%
Allegiant Air Belleville/St. Louis
89%
Allegiant Air Des Moines
89%
Allegiant Air Akron/Canton
83%
Allegiant Air Charlotte/Concord
83%
Allegiant Air Columbus (Rickenbacker)
83%
Allegiant Air Dayton
83%
Allegiant Air Knoxville
83%
Allegiant Air Lexington
83%
Allegiant Air Louisville
83%
Allegiant Air Memphis
83%
Allegiant Air Albany
78%
Allegiant Air Fayetteville/Bentonville
78%
Allegiant Air Indianapolis
78%
Allegiant Air Little Rock
78%
Allegiant Air Nashville
78%
Allegiant Air Pittsburgh
78%
Allegiant Air Tulsa
78%
Allegiant Air Wichita
78%
Allegiant Air Cincinnati
72%
Allegiant Air Evansville
72%
Allegiant Air Greensboro
72%
Allegiant Air Kansas City
72%
Allegiant Air Oklahoma City
72%
Allegiant Air Omaha
72%
Allegiant Air South Bend
72%
Allegiant Air Toledo
72%
Allegiant Air Asheville
67%
Allegiant Air Chattanooga
67%
Allegiant Air Fort Wayne
67%
Allegiant Air Grand Rapids
67%
Allegiant Air Greenville/Spartanburg
67%
Allegiant Air Harrisburg
67%
Allegiant Air Las Vegas
67%
Allegiant Air Norfolk
67%
Allegiant Air Springfield/Branson
67%
Allegiant Air Syracuse
67%
Allegiant Air Allentown
61%
Allegiant Air Cedar Rapids/Iowa City
61%
Allegiant Air Fargo
61%
Allegiant Air Sioux Falls
61%
Allegiant Air Appleton
56%
Allegiant Air Bangor
56%
Allegiant Air Flint
56%
Allegiant Air El Paso
50%
Allegiant Air Key West
50%
Allegiant Air Moline/Quad Cities
50%
Allegiant Air Peoria
50%
Allegiant Air Rapid City
50%
Allegiant Air Roanoke
50%
Allegiant Air Shreveport
50%
Allegiant Air Bloomington/Normal
44%
Allegiant Air Traverse City
44%
Allegiant Air Bismarck
39%
Allegiant Air Elmira
39%
Allegiant Air Newburgh
39%
Allegiant Air Provo
39%
Allegiant Air Tri-Cities (TN)
39%
Allegiant Air Clarksburg
33%
Allegiant Air Grand Forks
33%
Allegiant Air Huntington
33%
Allegiant Air Plattsburgh
33%
Arajet Punta Cana
33%
Allegiant Air Hagerstown
28%
Allegiant Air McAllen
28%
Allegiant Air Minot
28%
Allegiant Air Niagara Falls
28%
Allegiant Air Portsmouth
22%
Allegiant Air Columbia (SC)
11%
No matching quizzes found
Score Distribution
Percent of People with Each Score
Percentile by Number Answered
Your Score History
You have not taken this quiz since the last reset